[Event "HUN-chT2 Asztalos 1819"]
[Site "Hungary"]
[Date "2019.01.27"]
[Round "4.5"]
[White "Horvath, Balazs1111"]
[Black "Galambos, Tivadar"]
[Result "1-0"]
[WhiteElo "2104"]
[BlackElo "1991"]
[PlyCount "57"]
[EventDate "2018.10.28"]
[EventType "team-tourn"]
[EventRounds "9"]
[EventCountry "HUN"]
[SourceTitle "CBM 189 Extra"]
[Source "ChessBase"]
[SourceDate "2019.06.03"]
[SourceVersion "1"]
[SourceVersionDate "2019.06.03"]
[SourceQuality "1"]
[WhiteTeam "Decs 1990"]
[BlackTeam "Kaposvar Bastya"]
[WhiteTeamCountry "HUN"]
[BlackTeamCountry "HUN"]

1. e4 d6 2. d4 Nf6 3. Nc3 g6 4. h3 c6 5. Nge2 b5 6. a3 Nbd7 7. Ng3 Bg7 8. Be3 Bb7 9. Qd2 a5 10. Bd3 b4 11. Na4 c5 12. dxc5 Bc6 13. Nb6 Nxb6 14. cxb6 Nd7 15. axb4 axb4 16. Rxa8 Qxa8 17. Qxb4 Qa1+ 18. Kd2 Qxb2 19. Qxb2 Bxb2 20. c3 0-0 21. Rb1 Ba3 22. Ne2 Nc5 23. f3 e5 24. Bb5 Bb7 25. Kc2 Na6 26. Ra1 Bc5 27. Bxa6 Bxa6 28. Bxc5 Bxe2 29. Bxd6 1-0

[Event "HUN-chT2 Asztalos 1617"]
[Site "Hungary"]
[Date "2017.01.29"]
[Round "7.4"]
[White "Keszi, Janos"]
[Black "Galambos, Tivadar"]
[Result "0-1"]
[WhiteElo "2021"]
[BlackElo "1934"]
[PlyCount "80"]
[EventDate "2016.09.25"]
[EventType "team-tourn"]
[EventRounds "11"]
[EventCountry "HUN"]
[SourceTitle "EXT 2021"]
[Source "ChessBase"]
[SourceDate "2020.10.23"]
[SourceVersion "1"]
[SourceVersionDate "2020.10.23"]
[SourceQuality "1"]
[WhiteTeam "Sarosd"]
[BlackTeam "Kaposvar Bastya"]
[WhiteTeamCountry "HUN"]
[BlackTeamCountry "HUN"]

1. d4 d5 2. Nf3 e6 3. Bf4 c5 4. e3 Nc6 5. c3 cxd4 6. exd4 Bd6 7. Bg3 Bxg3 8. hxg3 Nf6 9. Nbd2 a6 10. Bd3 Qd6 11. Qe2 h6 12. Ne5 Nd7 13. Ndf3 Ndxe5 14. dxe5 Qc7 15. 0-0 Bd7 16. Rfe1 Qb6 17. Rac1 0-0 18. g4 f6 19. exf6 Rxf6 20. g5 hxg5 21. Nxg5 Raf8 22. Rf1 Rh6 23. g3 e5 24. Bh7+ Kh8 25. Qd3 Ne7 26. Qe3 Qf6 27. f4 e4 28. Kg2 Bg4 29. Bxe4 dxe4 30. Qxe4 Bd7 31. Qe5 Qc6+ 32. Qe4 Bh3+ 33. Kf3 Qxe4+ 34. Kxe4 Bxf1 35. Rxf1 Rh2 36. Rb1 Kg8 37. a4 Rc8 38. Ke5 Rc6 39. Ne4 Re2 40. b3 Rxc3 0-1

[Event "HUN-chT2 Asztalos 1516"]
[Site "Hungary"]
[Date "2015.11.29"]
[Round "5.7"]
[White "Pais, Nimrod"]
[Black "Galambos, Tivadar"]
[Result "1/2-1/2"]
[WhiteElo "2003"]
[BlackElo "1922"]
[PlyCount "40"]
[EventDate "2015.09.13"]
[EventType "team-tourn"]
[EventRounds "11"]
[EventCountry "HUN"]
[SourceTitle "CBM 170 Extra"]
[Source "ChessBase"]
[SourceDate "2016.02.25"]
[SourceVersion "1"]
[SourceVersionDate "2016.02.25"]
[SourceQuality "1"]
[WhiteTeam "Fehervar"]
[BlackTeam "Kaposvar Bastya"]
[WhiteTeamCountry "HUN"]
[BlackTeamCountry "HUN"]

1. d4 d5 2. Nf3 e6 3. c4 Nf6 4. Nc3 c5 5. Bg5 cxd4 6. Nxd4 Be7 7. e3 Nc6 8. cxd5 Nxd5 9. Bxe7 Ndxe7 10. Nxc6 Nxc6 11. Qxd8+ Nxd8 12. Bb5+ Bd7 13. Bxd7+ Kxd7 14. 0-0 Nc6 15. Rac1 Rac8 16. Rfd1+ Ke7 17. Kf1 Rhd8 18. Rxd8 Rxd8 19. Ke2 f5 20. Rd1 Rxd1 1/2-1/2

[Event "HUN-chT2 Asztalos 1415"]
[Site "Hungary"]
[Date "2014.11.30"]
[Round "3.8"]
[White "Szabo, Kristof"]
[Black "Galambos, Tivadar"]
[Result "1-0"]
[WhiteElo "2064"]
[BlackElo "1898"]
[PlyCount "53"]
[EventDate "2014.10.12"]
[EventType "team-tourn"]
[EventRounds "9"]
[EventCountry "HUN"]
[SourceTitle "EXT 2016"]
[Source "ChessBase"]
[SourceDate "2015.10.08"]
[SourceVersion "1"]
[SourceVersionDate "2015.10.08"]
[SourceQuality "1"]
[WhiteTeam "Fehervar"]
[BlackTeam "Kaposvar Bastya"]
[WhiteTeamCountry "HUN"]
[BlackTeamCountry "HUN"]

1. e4 c5 2. Nf3 Nc6 3. d4 cxd4 4. Nxd4 Nf6 5. Nc3 d6 6. g3 e5 7. Nb3 Be7 8. Bg2 0-0 9. Bg5 Be6 10. 0-0 Qd7 11. Qe2 Bh3 12. Rad1 Bxg2 13. Kxg2 Ne8 14. Bxe7 Nxe7 15. Rd2 f5 16. Qc4+ Kh8 17. Qb5 Qc7 18. Rfd1 fxe4 19. Nxe4 d5 20. Nec5 Qc6 21. Qxb7 Qf6 22. Qxa8 Qf3+ 23. Kg1 Nd6 24. Qxa7 Nc6 25. Qd7 Nc4 26. Ne6 Ne3 27. Qxg7# 1-0

[Event "HUN-chT2 Asztalos 0809"]
[Site "Hungary"]
[Date "2009.03.08"]
[Round "9"]
[White "Galambos, Tivadar"]
[Black "Brindza, Istvan"]
[Result "1/2-1/2"]
[WhiteElo "1857"]
[BlackElo "2047"]
[PlyCount "48"]
[EventDate "2008.10.26"]
[EventType "team-tourn"]
[EventRounds "11"]
[EventCountry "HUN"]
[SourceTitle "EXT 2010"]
[Source "ChessBase"]
[SourceDate "2010.11.25"]
[SourceVersion "1"]
[SourceVersionDate "2010.11.25"]
[SourceQuality "1"]
[WhiteTeam "Tamasi Szabadido"]
[BlackTeam "Baja"]
[WhiteTeamCountry "HUN"]
[BlackTeamCountry "HUN"]

1. d4 d5 2. c4 e6 3. Nc3 Nf6 4. Bg5 Nbd7 5. e3 c6 6. cxd5 exd5 7. Bd3 Be7 8. Nf3 h6 9. Bh4 Ne4 10. Bxe7 Qxe7 11. 0-0 0-0 12. Qc2 Re8 13. Rae1 Nf8 14. Nd2 Bf5 15. Bxe4 Bxe4 16. Ndxe4 dxe4 17. f3 exf3 18. Rxf3 Ne6 19. Ref1 Ng5 20. Rg3 Ne4 21. Nxe4 Qxe4 22. Qb3 Re7 23. Rf4 Qe6 24. Qa3 b6 1/2-1/2

[Event "HUN-chT2 Asztalos 0809"]
[Site "Hungary"]
[Date "2009.01.25"]
[Round "6"]
[White "Galambos, Tivadar"]
[Black "Angyal, Ferenc"]
[Result "1/2-1/2"]
[WhiteElo "1857"]
[BlackElo "2036"]
[PlyCount "115"]
[EventDate "2008.10.26"]
[EventType "team-tourn"]
[EventRounds "11"]
[EventCountry "HUN"]
[SourceTitle "EXT 2010"]
[Source "ChessBase"]
[SourceDate "2010.11.25"]
[SourceVersion "1"]
[SourceVersionDate "2010.11.25"]
[SourceQuality "1"]
[WhiteTeam "Tamasi Szabadido"]
[BlackTeam "Dunaujvaros"]
[WhiteTeamCountry "HUN"]
[BlackTeamCountry "HUN"]

1. d4 Nf6 2. c4 g6 3. Nc3 d5 4. Bf4 Bg7 5. e3 0-0 6. Nf3 c5 7. Nb5 Nc6 8. Nc7 cxd4 9. Nxa8 Bg4 10. exd4 Nh5 11. Be3 e5 12. Be2 Bxf3 13. Bxf3 exd4 14. cxd5 dxe3 15. dxc6 Qa5+ 16. Kf1 bxc6 17. fxe3 Rxa8 18. Bxh5 gxh5 19. Qe1 Qe5 20. Rb1 Re8 21. h3 Re6 22. Rd1 Rf6+ 23. Kg1 Bh6 24. Rd8+ Kg7 25. Rh2 Bxe3+ 26. Kh1 Bb6 27. Rd1 Bc7 28. Qxe5 Bxe5 29. g3 Bxg3 30. Rc2 Re6 31. Rg1 h4 32. Rf1 Kg6 33. Rf3 f6 34. Rfc3 Bc7 35. Rxc6 Re1+ 36. Kg2 Bb6 37. R6c3 f5 38. b4 Rg1+ 39. Kh2 Rd1 40. Rc4 Kh5 41. b5 Bg1+ 42. Kg2 Be3 43. Kf3 f4 44. Rxf4 Bxf4 45. Kxf4 Rf1+ 46. Ke5 Rf3 47. Rh2 Kg5 48. Kd5 Kf4 49. Kc6 Kg3 50. Rb2 Kxh3 51. Kb7 Rf7+ 52. Kb8 Kg3 53. Rb3+ Kg2 54. Rb2+ Rf2 55. Rxf2+ Kxf2 56. Kxa7 h3 57. b6 h2 58. b7 1/2-1/2

[Event "HUN-chT2 Asztalos 0708"]
[Site "Hungary"]
[Date "2007.12.16"]
[Round "5"]
[White "Galambos, Tivadar"]
[Black "Haszon, Abel"]
[Result "1/2-1/2"]
[WhiteElo "1853"]
[BlackElo "1823"]
[PlyCount "132"]
[EventDate "2007.10.14"]
[EventType "team"]
[EventRounds "11"]
[EventCountry "HUN"]
[SourceTitle "EXT 2009"]
[Source "ChessBase"]
[SourceDate "2008.11.26"]
[SourceVersion "1"]
[SourceVersionDate "2008.11.26"]
[SourceQuality "1"]
[WhiteTeam "Koppany"]
[BlackTeam "Szenna Pack II"]
[WhiteTeamCountry "HUN"]
[BlackTeamCountry "HUN"]

1. d4 Nf6 2. c4 g6 3. Nc3 d5 4. cxd5 Nxd5 5. e4 Nxc3 6. bxc3 Bg7 7. Bb2 0-0 8. Nf3 b6 9. Bd3 Bb7 10. 0-0 e6 11. Rb1 Na6 12. Qe2 Qc8 13. Rfe1 c5 14. a3 Nc7 15. Ba1 cxd4 16. cxd4 Qd7 17. Red1 Rfd8 18. Kh1 Rac8 19. Rbc1 Qa4 20. Bb2 Ne8 21. e5 Nc7 22. Rc4 Qd7 23. Rdc1 Bh6 24. R1c2 Nd5 25. Rxc8 Rxc8 26. Be4 Nf4 27. Rxc8+ Qxc8 28. Bxb7 Qxb7 29. Qc2 Qa6 30. Qd1 Qb5 31. Bc3 Qc4 32. Bd2 Qd3 33. Qc1 Qe4 34. Bxf4 Qxf4 35. Qxf4 Bxf4 36. a4 a6 37. Kg1 Kf8 38. Kf1 Ke7 39. Ke2 Kd7 40. Kd3 b5 41. axb5 axb5 42. g3 Bc1 43. Kc2 Bh6 44. Kc3 Kc6 45. Ne1 Kd5 46. f3 b4+ 47. Kd3 b3 48. Kc3 b2 49. Kxb2 Kxd4 50. f4 Ke3 51. Kc2 Kf2 52. Kd2 Kg1 53. Nf3+ Kf2 54. Ne1 g5 55. Nd3+ Kg2 56. Ke3 Kxh2 57. Kf3 gxf4 58. gxf4 Kh3 59. Nb4 Bg7 60. Nc6 f6 61. Nd8 fxe5 62. Nxe6 Bf6 63. fxe5 Be7 64. Kf4 h5 65. Ng7 h4 66. Nf5 Bd8 1/2-1/2